000 00515nam a2200169Ia 4500
003 GCL
008 140319s9999 xx 000 0 ara d
040 _aGCL /
_cGCL
082 0 4 _a418
_bا ع
245 1 0 _aعوامل التطور اللغوى دراسة فى نمو وتطور الثروة اللغوية
300 _a238 ص
490 _aكتاب
_v0
650 0 4 _aعلم الكلام
650 0 4 _aاللغة العربية - الالفاظ
650 0 4 _aاللغة العربية - علم
942 _2ddc
_cBK
999 _c43019
_d43019